| 000 | 00458nam a2200121Ia 4500 | ||
|---|---|---|---|
| 008 | 220620s9999||||xx |||||||||||||| ||und|| | ||
| 100 | _aVioleta Andjelkovic | ||
| 245 | 0 | _aPlant, Abiotic Stress and Responses to Climate Change | |
| 546 | _aEnglish[eng] | ||
| 650 | _aLife Sciences||Agronomy||Agricultural and Biological Sciences||Plant Genetics | ||
| 856 | _uhttps://www.intechopen.com/books/plant-abiotic-stress-and-responses-to-climate-change | ||
| 942 | _cEB | ||
| 999 |
_c34557 _d34557 |
||